Updated Guidance Note on the Fund's Transparency Policy.

This note provides guidance to staff on the implementation of the Fund's Transparency Policy. The objectives of the policy include strengthening the Fund's effectiveness by providing the public with access to Fund views and deliberations, thus informing public debate and building traction...

תיאור מלא

מידע ביבליוגרפי
מחבר תאגידי: International Monetary Fund
פורמט: כתב-עת
שפה:English
יצא לאור: Washington, D.C. : International Monetary Fund, 2014.
סדרה:Policy Papers; Policy Paper ; No. 2014/064
נושאים:
גישה מקוונת:Full text available on IMF
LEADER 01856cas a2200301 a 4500
001 AALejournalIMF020634
008 230101c9999 xx r poo 0 0eng d
020 |c 5.00 USD 
020 |z 9781498343497 
022 |a 2663-3493 
040 |a BD-DhAAL  |c BD-DhAAL 
110 2 |a International Monetary Fund. 
245 1 0 |a Updated Guidance Note on the Fund's Transparency Policy. 
264 1 |a Washington, D.C. :  |b International Monetary Fund,  |c 2014. 
300 |a 1 online resource (62 pages) 
490 1 |a Policy Papers 
500 |a <strong>Off-Campus Access:</strong> No User ID or Password Required 
500 |a <strong>On-Campus Access:</strong> No User ID or Password Required 
506 |a Electronic access restricted to authorized BRAC University faculty, staff and students 
520 3 |a This note provides guidance to staff on the implementation of the Fund's Transparency Policy. The objectives of the policy include strengthening the Fund's effectiveness by providing the public with access to Fund views and deliberations, thus informing public debate and building traction for the Fund's advice, supporting the quality of surveillance and of programs, by subjecting the Fund to outside scrutiny, and enhancing the Fund's legitimacy by making the institution more accountable. A Transparency Policy Decision (referred to in the remainder of this note as 'the Decision') sets out rules for the modification and publication of all Board documents. 
538 |a Mode of access: Internet 
650 7 |a Board Consideration  |2 imf 
650 7 |a Country Authorities  |2 imf 
650 7 |a Country Document  |2 imf 
650 7 |a PP  |2 imf 
650 7 |a Staff Report  |2 imf 
830 0 |a Policy Papers; Policy Paper ;  |v No. 2014/064 
856 4 0 |z Full text available on IMF  |u http://elibrary.imf.org/view/journals/007/2014/064/007.2014.issue-064-en.xml  |z IMF e-Library